[Event "DEN-ch sf2"]
[Site "Svendborg"]
[Date "2024.03.29"]
[Round "3"]
[White "Haarh, Simon Bjork"]
[Black "Nykjaer, Jess"]
[Result "1-0"]
[WhiteElo "2003"]
[BlackElo "1990"]
[PlyCount "75"]
[EventDate "2024.03.29"]
[EventType "swiss"]
[EventRounds "7"]
[EventCountry "DEN"]
[SourceTitle "CB16_2024"]
[SourceDate "2024.04.17"]
[SourceVersion "1"]
[SourceVersionDate "2024.04.17"]
[SourceQuality "1"]

1. e4 c5 2. Nf3 g6 3. d4 cxd4 4. Nxd4 Nc6 5. Nxc6 bxc6 6. Bc4 Bg7 7. Nc3 d6 8. Qf3 e6 9. 0-0 Ne7 10. Bg5 0-0 11. Rfe1 Qd7 12. Rad1 Bb7 13. Qg3 Nc8 14. Bb3 h6 15. Bf4 d5 16. h4 Kh7 17. h5 g5 18. Be5 f6 19. Bd4 Rf7 20. Na4 Qc7 21. Qd3 e5 22. exd5+ Kh8 23. Bc5 cxd5 24. Bxd5 Rd7 25. Qb3 Rb8 26. Bxb7 Rxb7 27. Qe6 Qd8 28. Nc3 Ne7 29. a4 Ng8 30. a5 Rxd1 31. Rxd1 Qxa5 32. b4 Qc7 33. Nd5 Qd7 34. Qxd7 Rxd7 35. c4 f5 36. Ra1 Nf6 37. Rxa7 Rd8 38. Be7 1-0

[Event "DEN-ch sf2"]
[Site "Svendborg"]
[Date "2024.03.29"]
[Round "5"]
[White "Nykjaer, Jess"]
[Black "Bekmukhanov, Sauran"]
[Result "0-1"]
[WhiteElo "1990"]
[BlackElo "1862"]
[PlyCount "119"]
[EventDate "2024.03.29"]
[EventType "swiss"]
[EventRounds "7"]
[EventCountry "DEN"]
[SourceTitle "CB16_2024"]
[SourceDate "2024.04.17"]
[SourceVersion "1"]
[SourceVersionDate "2024.04.17"]
[SourceQuality "1"]

1. e4 e5 2. Bc4 Nf6 3. d3 d5 4. exd5 Nxd5 5. Qf3 Be6 6. Ne2 c6 7. 0-0 Nd7 8. Bb3 N7f6 9. Nbc3 Be7 10. Ne4 Bg4 11. Nxf6+ Nxf6 12. Qe3 0-0 13. Qxe5 Bd6 14. Qg5 Bxe2 15. Re1 Re8 16. Bf4 Bh5 17. Rxe8+ Qxe8 18. Bxd6 h6 19. Qf5 Qe2 20. h3 Rd8 21. Bb4 Nd5 22. Bc3 Bg6 23. Qe5 Nxc3 24. Qxc3 Re8 25. Qd4 h5 26. Qxa7 Re7 27. Qb8+ Kh7 28. Qf4 b5 29. a4 bxa4 30. Qxa4 c5 31. Qf4 Bxd3 32. Rc1 c4 33. Ba4 Bg6 34. Qf3 Qd2 35. Rf1 Qa5 36. Ra1 Ra7 37. Qd1 Qe5 38. Qc1 c3 39. b3 Ra5 40. Qe3 Qxe3 41. fxe3 Rd5 42. b4 Rd2 43. b5 Be4 44. Bb3 Rxg2+ 45. Kf1 Rh2 46. Ra2 Rxh3 47. Kf2 Rf3+ 48. Ke2 Rf5 49. Bc4 Rc5 50. Bd3 Bxd3+ 51. Kxd3 Rxb5 52. Kxc3 h4 53. Kd4 g5 54. c4 Rb8 55. c5 Kg6 56. Ke5 Re8+ 57. Kd4 g4 58. c6 h3 59. c7 g3 60. e4 0-1

[Event "DEN-ch sf2"]
[Site "Svendborg"]
[Date "2024.03.29"]
[Round "2"]
[White "Nykjaer, Jess"]
[Black "Derlich, Sarah Sima"]
[Result "0-1"]
[WhiteElo "1990"]
[BlackElo "1864"]
[PlyCount "102"]
[EventDate "2024.03.29"]
[EventType "swiss"]
[EventRounds "7"]
[EventCountry "DEN"]
[SourceTitle "CB16_2024"]
[SourceDate "2024.04.17"]
[SourceVersion "1"]
[SourceVersionDate "2024.04.17"]
[SourceQuality "1"]

1. e4 c6 2. Nf3 d5 3. Nc3 Bg4 4. h3 Bxf3 5. Qxf3 e6 6. d3 Nf6 7. a3 Be7 8. Be2 0-0 9. 0-0 Nbd7 10. Bd1 Qc7 11. Qe2 Rad8 12. f4 dxe4 13. Nxe4 Nxe4 14. dxe4 Nf6 15. c3 Bc5+ 16. Kh1 Rd7 17. Qc4 Rfd8 18. Bf3 Bb6 19. Qe2 h6 20. e5 Nd5 21. Be4 Ne7 22. b4 Nf5 23. Bxf5 exf5 24. Ra2 Rd3 25. c4 Qd7 26. c5 Bc7 27. Rc2 Qd5 28. Rf3 Rxf3 29. Qxf3 Qxf3 30. gxf3 Kf8 31. Kg2 Ke7 32. Bd2 Ke6 33. Kf2 Rd3 34. a4 Kd5 35. Ke2 Ra3 36. Be1 Rxa4 37. Rd2+ Ke6 38. Rb2 Ra1 39. b5 cxb5 40. Rxb5 b6 41. Bf2 a6 42. Rb2 b5 43. Be3 Rh1 44. Rd2 Rxh3 45. Kd3 Rxf3 46. Rg2 g6 47. Rh2 h5 48. Ke2 Rg3 49. Kf2 Rg4 50. Kf3 Kd5 51. Rd2+ Kc6 0-1

[Event "DEN-ch Kort2 Gr-1"]
[Site "Svendborg"]
[Date "2022.04.14"]
[Round "1"]
[White "Nielsen, Klaus"]
[Black "Nykjaer, Jess"]
[Result "1/2-1/2"]
[WhiteElo "2008"]
[BlackElo "1961"]
[PlyCount "97"]
[EventDate "2022.04.14"]
[EventType "swiss"]
[EventRounds "5"]
[EventCountry "DEN"]
[SourceTitle "EXT 2024"]
[Source "ChessBase"]
[SourceDate "2023.10.10"]
[SourceVersion "1"]
[SourceVersionDate "2023.10.10"]
[SourceQuality "1"]

1. d4 d5 2. Nc3 Nf6 3. Bf4 e6 4. Nf3 Bd6 5. Ne5 c6 6. e3 Qc7 7. Bd3 Nbd7 8. Nxd7 Bxd7 9. Bg3 0-0 10. 0-0 b6 11. f4 c5 12. Bh4 Ne8 13. Qh5 g6 14. Qf3 c4 15. Be2 Bc6 16. a4 Be7 17. Bxe7 Qxe7 18. Bxc4 Qb4 19. Bb3 Nd6 20. Rf2 Rfc8 21. Qe2 a6 22. g4 b5 23. a5 Nc4 24. Bxc4 Qxb2 25. Rb1 Qxc3 26. Bd3 Rf8 27. f5 e5 28. dxe5 Qxe5 29. Rbf1 Rae8 30. fxg6 hxg6 31. Qf3 Kg7 32. Qf6+ Qxf6 33. Rxf6 Bb7 34. Rb6 Bc8 35. Kf2 Re6 36. Rxe6 Bxe6 37. Kg3 Rc8 38. g5 Rc3 39. Rf6 Ra3 40. h4 Rxa5 41. Bxg6 Ra4 42. Bf5 Ra3 43. Bd3 Ra4 44. Rf4 Ra1 45. Kg2 Re1 46. Kf2 Rh1 47. Ke2 Rh3 48. Kd2 Rg3 49. Ke2 1/2-1/2

[Event "DEN-ch G7-2"]
[Site "Svendborg"]
[Date "2019.04.20"]
[Round "5"]
[White "Nykjaer, Jess"]
[Black "Gregor, Bjarke"]
[Result "0-1"]
[WhiteElo "1959"]
[BlackElo "1912"]
[PlyCount "62"]
[EventDate "2019.04.16"]
[EventType "swiss"]
[EventRounds "7"]
[EventCountry "DEN"]
[SourceTitle "EXT 2020"]
[Source "ChessBase"]
[SourceDate "2019.10.17"]
[SourceVersion "1"]
[SourceVersionDate "2019.10.17"]
[SourceQuality "1"]

1. e4 c5 2. Nc3 Nc6 3. Bc4 e6 4. f4 a6 5. a4 Nge7 6. e5 d5 7. exd6 Qxd6 8. d3 Nf5 9. Nf3 Be7 10. 0-0 b6 11. Qe2 Bb7 12. Ne4 Qc7 13. c3 0-0 14. Nfg5 h6 15. Nf3 Na5 16. Ng3 Nxc4 17. Nxf5 exf5 18. dxc4 Bf6 19. Ne5 Rfe8 20. Qf2 Be4 21. Qg3 Rad8 22. Be3 Rd6 23. Rfd1 Bxe5 24. fxe5 Rg6 25. Qf4 Rxg2+ 26. Kf1 Qxe5 27. Qxe5 Rxe5 28. b4 Rb2 29. Rd2 Rxd2 30. Bxd2 Bd3+ 31. Kg1 Bxc4 0-1

[Event "Fyn-ch"]
[Site "Odense"]
[Date "2008.01.31"]
[Round "3"]
[White "Madsen, Michael Bohring"]
[Black "Nykjaer, Jess"]
[Result "0-1"]
[WhiteElo "1917"]
[BlackElo "1769"]
[PlyCount "104"]
[EventDate "2008.01.10"]
[EventType "swiss"]
[EventRounds "7"]
[EventCountry "DEN"]
[SourceTitle "EXT 2018"]
[Source "ChessBase"]
[SourceDate "2017.10.13"]
[SourceVersion "1"]
[SourceVersionDate "2017.10.13"]
[SourceQuality "1"]

1. e4 c5 2. Nf3 d6 3. d4 cxd4 4. Nxd4 Nf6 5. Nc3 e6 6. Be2 Be7 7. 0-0 0-0 8. Qd3 Nbd7 9. Qg3 Kh8 10. Nb3 a6 11. f4 Qc7 12. Be3 b5 13. a3 Bb7 14. Bf3 Nc5 15. Nxc5 dxc5 16. e5 Ng8 17. Rfd1 Nh6 18. Bxb7 Qxb7 19. Qf3 Qxf3 20. gxf3 Nf5 21. Kf2 Rfd8 22. Ne4 c4 23. Bb6 Rd5 24. Rxd5 exd5 25. Ng3 Bh4 26. Rd1 Rb8 27. Ba5 d4 28. Rd2 Rb7 29. Kg2 Ne3+ 30. Kh3 Bxg3 31. hxg3 Rd7 32. Bb6 c3 33. Rxd4 Rxd4 34. Bxd4 cxb2 35. Bxb2 Nxc2 36. f5 Kg8 37. Kg4 Ne3+ 38. Kf4 Nc4 39. Bc1 Kf8 40. Ke4 Ke7 41. Kd4 g6 42. g4 gxf5 43. gxf5 h5 44. Bg5+ Kd7 45. e6+ Ke8 46. Kc5 Nxa3 47. Kb6 Nc4+ 48. Kxa6 b4 49. Kb5 b3 50. Bc1 b2 51. Bxb2 Nxb2 52. Kc5 h4 0-1